000 00839nam a22002057a 4500
999 _c16888
_d16888
003 AR-CdUCM
008 190506b ||||| |||| 00| 0 spa d
040 _aMUNICIPALIDAD PROVINCIAL DEL CUSCO
_cBIBLIOTECA MUNICIPAL DEL CUSCO
082 _a332.08 /
_bC46
110 _aCentro de Estudios Monetarios Latinoamericanos
_936616
245 _aAspectos monetarios de las economías latinoamericanas 1959 /
260 _aMéxico, D.F :
_bCentro de Estudios Monetarios Latinoamericanos,
_c1960.
300 _a328 páginas ;
_c22 cm.
505 _aContenido: La economía mundial -- Tendencias monetarias internas -- Tendencias monetarias externas -- Análisis monetario y producción.
650 _aCuestión monetaria
_97311
650 _aMoneda
_95487
650 _aAmérica Latina
_91130
942 _2ddc
_cLIBROS
945 _aacv
_d2019-05-06